Quizzes
Events
Quiz Creation
Community
Videos
Private Events
Remove Ads
Sign In
Join for FREE
Feedback
Dark Mode
Quiz Categories
Sports
Geography
Music
Movies
Television
Just For Fun
Miscellaneous
History
Literature
Language
Science
Gaming
Entertainment
Religion
Holiday
For Kids
Quiz Lab
Recent
Popular Today
Quiz Kudos Today
Editor Picks
Curator Picks
Quizzes by...
Day
Popularity
Type
Ratings
Length
Year
Community
Subscriptions
Recent Discussions
Orange Saloon
Badges
Playlists
Quests
Create
Leaderboards
Showdown
Live 5
Trivia Bingo
Activity
Puzzle Library
Sporcle Events
Private Events
Virtual Trivia
Globe League
Become a Host
Pub Owners
SporcleCon
Opinionation
Our Games
Videos
Blog
Mobile Apps
Partnerships
Remove Ads and Go Orange
Feedback
Gaming
Video Games
Board Games
Card Games
Pokémon
Mario
Nintendo
Minecraft
Console
Toys
Legend of Zelda
Gaming
Video Games
Board Games
Card Games
Pokémon
Mario
Nintendo
Minecraft
Console
Toys
Legend of Zelda
Random Quiz
Search Sporcle
×
Quiz Lab
Quiz Lab
Gaming
Nintendo
Type in answers that appear in a list
Type in answers that appear in a list
Classic
Best Score? Go Orange.
Birdo as a playable character Stats
Can you name the games Birdo appears in as a playable character?
By
Vinnerd
8m
11 Questions
158 Plays
158 Plays
158 Plays
Comments
Comments
Give Quiz Kudos
Give Quiz Kudos
-
- Ratings
hide this ad
More Info
Replay
Link that replays current quiz
Next Quiz
Link to next quiz in quiz playlist
You Got
0%
They Got
Avg Score
55%
Avg Friend Score
Upgrade to see
Score Distribution
Jump to the score distribution portion of the page
Score
0/11
Timer
08:00
0
Plays Today
System
Game
% Correct
Gamecube
Mario Kart: Double Dash!!
79.1%
Wii
Mario Kart Wii
77.2%
Nintendo 64
Mario Tennis
76.6%
Wii
Mario Party 8
72.8%
Gamecube
Mario Party 7
70.9%
Gamecube
Mario Golf: Toadstool Tour
45.6%
Wii
Mario Super Sluggers
42.4%
Gamecube
Mario Smash Football
39.2%
Gamecube
Mario Superstar Baseball
35.4%
DS
Mario Hoops 3-on-3
35.4%
Wii
Mario Strikers Charged Football
35.4%
Quiz Playlist
Details
Report
Send in Message
Add To Playlist
More Info:
Excluding Japan-only games.
Classic:
Type in answers that appear in a list
Last Updated: Feb 16, 2017
Quiz Scoreboard
CHALLENGE
Sign Up to Join the Scoreboard
Show All
Scores
Hide
Comments
May contain spoilers
Recently Published
College Basketball Coaching Resumes
by pancakes188
Sports
9m
Billboard Blitz: Fleetwood Mac
by CooCooCachoo
Music
15s
Presidents Visiting Landmarks
by Hejman
History
7m
More to Explore
Quiz From the Vault
Featured Blog Post
Where Did the Easter Bunny Come From?
hide this ad
You Might Also Like...
Tags
Board Games Quiz
Mario Quiz
Nintendo Quiz
Character
gamecube
Nintendo Games
Playable
System
Wii
Today's Top Quizzes in Gaming
Browse Gaming
hide this ad
Today's Top Quizzes in Nintendo
Browse Nintendo
Top Contributed Quizzes in Gaming
1
5-to-1: Consoles
2
7-to-1: Board Game Piece Blitz
3
5-to-1: Legend of Zelda
4
Destiny 2 exotic weapons by perk icons
5
League of Legends Pro Players by Career/Team History
6
Ultimate Genshin Impact Logic Puzzle (up to 4.3)
7
Franchise by Action Figure
8
Who's on the WWE 2K24 Cover?
9
Genshin Impact Logic Puzzle Quiz
10
Overwatch Logic Puzzle
Explore More
Trending Topics
Harry Potter
Disney
NBA
Anime
Crossword
Kpop
Marvel
NFL
Pokémon
Country
The Office
Soccer
Puzzle
Song
WWE
hide this ad
More By:
Vinnerd
Quiz
Plays
Rating
Category
Featured
Created
Donkey Kong as a playable character
527
3.20
Gaming
Sep 15, 2010
Majora's Mask: Collectors Quiz
478
3.75
Gaming
Dec 30, 2010
Name the Shigeru Miyamoto games!
412
4.00
Gaming
Oct 13, 2010
Oh Oh Cherso
258
3.00
Television
Oct 17, 2010
Birdo as a playable character
158
4.00
Gaming
Sep 24, 2010
Go to Creator's Profile
Score Distribution
Quiz Creator Spotlight
Vinnerd
Follow
Send a Message
Quizzes Created
-
Created Quiz Play Count
-
More By This Creator
Popular Quizzes Today
1
Find the US States - No Outlines Minefield
2
Find the Countries of Europe - No Outlines Minefield
3
The Countries of the World
4
Find the US States
5
Risky Map Clicking: Biggest States A-Z
6
US States
7
Popular People in 1961
8
Movies - When Are They Set?
More Gaming Quizzes
Nine in Time: Generation 1 Pokémon
Quiz Lab
Trending Quizzes
Risky Map Clicking: Least Populous States A-Z
1-10 Letter G Words
1-10 Letter F Words
Risky Map Clicking: Next State Alphabetically
Risky Map Clicking: Biggest States A-Z
Recently Updated
Leaping Animals
pecheneg
Reality TV Shows (A-Z)
bhenderson79
Rickey Henderson's Hall of Fame Teammates
pecheneg
Champions League XIs: Arsenal
pecheneg
Quick Pick: Celebrities in WWE's Hall of Fame
aduchscher
A-Z Keypad Blitz II
pecheneg
Multiple Oscar Actors
pecheneg
Mystery Phrase Blitz: Oscar 'Best Actors'
pecheneg
F. Scott Fitzgerald Novels
LTH
Pick 3 Villains
ddd62291
Trending Topics
Kpop
Harry Potter
Crossword
Anime
Marvel
Disney
NBA
Puzzle
Soccer
The Office
WWE
Pokémon
Country
NFL
Song
Your Account Isn't Verified!
In order to create a playlist on Sporcle, you need to verify the email address you used during registration. Go to your
Sporcle Settings
to finish the process.
Report this User
Report this user for behavior that violates our
Community Guidelines
.
Details:
Send Report
Go to the Sporcle.com Mobile Site →
Comments